000 00900na a2200301 4500
001 15823
003 MIRAKIL
005 20181213155146.0
008 160924b tu 000 0
020 _a9753736393
035 _a15823
040 _aMilas
_btur
_cTR-AnCHP
082 _a324.63
_bA43s 1999
090 _a324.63 A43s 1999
100 _aAleskerov, Fuad
_d1951-
245 _aSeçimden koalisyona
_bSiyasal karar alma
_cFuad Aleskerov, Hasan Ersel, Yavuz Sabuncu
260 _aİstanbul
_bYapı Kredi
_c1999
300 _a260 s.
_bşkl. , tbl.
_c21 sm.
490 _aCogito
_v84
504 _aKaynakça var.
650 _aSeçimler
_xOy verme
_ySeçmen davranışı
650 _aSiyaset bilimi
_xKarar verme
650 _aHükümet sistemleri
_xKoalisyon
650 _aSiyasal partiler
_xParti sistemleri
700 _aErsel, Hasan
700 _aSabuncu, Yavuz
942 _2ddc
_cBKS
999 _c7657
_d7657